000
00350nam a22001217a 4500
040
_c
HS
082
_a
658
100
_a
អ៊ុន ប៊ុនលាង
245
_a
Basic marketing មូលដ្ឋានគ្រឹះនៃម៉ាឃីតធីង
260
_a
RUA
_b
អ៊ុន ប៊ុនលាង
_c
2001
300
_a
64p;
942
_c
KB
999
_c
9985
_d
9985